Díaz de Cerio, Franco, Nuevas noticias sobre el s. XIX español en el fondo "Spogli" del Archivo Vaticano, Rom 1986: [Rezension]
| Main Author: | |
|---|---|
| Format: | Print Review |
| Language: | Spanish |
| Check availability: | HBZ Gateway |
| Interlibrary Loan: | Interlibrary Loan for the Fachinformationsdienste (Specialized Information Services in Germany) |
| Published: |
1994
|
| In: |
Ius canonicum
Year: 1994, Volume: 34, Pages: 369-372 |
| IxTheo Classification: | SB Catholic Church law |
| Further subjects: | B
Book review
B Law B History B Spain |
MARC
| LEADER | 00000caa a22000002c 4500 | ||
|---|---|---|---|
| 001 | 1763351688 | ||
| 003 | DE-627 | ||
| 005 | 20220825151858.0 | ||
| 007 | tu | ||
| 008 | 210719s1994 xx ||||| o 00| ||spa c | ||
| 035 | |a (DE-627)1763351688 | ||
| 035 | |a (DE-599)KXP1763351688 | ||
| 040 | |a DE-627 |b ger |c DE-627 |e rakwb | ||
| 041 | |a spa | ||
| 084 | |a 1 |2 ssgn | ||
| 100 | 1 | |a De la Hera, Alberto |e VerfasserIn |4 aut | |
| 245 | 1 | 0 | |a Díaz de Cerio, Franco, Nuevas noticias sobre el s. XIX español en el fondo "Spogli" del Archivo Vaticano, Rom 1986 |b [Rezension] |
| 264 | 1 | |c 1994 | |
| 336 | |a Text |b txt |2 rdacontent | ||
| 337 | |a ohne Hilfsmittel zu benutzen |b n |2 rdamedia | ||
| 338 | |a Band |b nc |2 rdacarrier | ||
| 601 | |a Rezension | ||
| 650 | 0 | 7 | |0 (DE-588)4048737-4 |0 (DE-627)106189719 |0 (DE-576)20907907X |a Recht |2 gnd |
| 650 | 0 | 7 | |0 (DE-588)4020517-4 |0 (DE-627)106317768 |0 (DE-576)208933697 |a Geschichte |2 gnd |
| 651 | 7 | |0 (DE-588)4055964-6 |0 (DE-627)104616806 |0 (DE-576)209116080 |a Spanien |2 gnd | |
| 652 | |a SB | ||
| 655 | 7 | |a Rezension |0 (DE-588)4049712-4 |0 (DE-627)106186019 |0 (DE-576)209083166 |2 gnd-content | |
| 773 | 0 | 8 | |i Enthalten in |t Ius canonicum |d Pamplona : [Verlag nicht ermittelbar], 1961 |g 34(1994), Seite 369-372 |w (DE-627)165931906 |w (DE-600)41383-5 |w (DE-576)014445204 |x 0021-325X |7 nnas |
| 773 | 1 | 8 | |g volume:34 |g year:1994 |g pages:369-372 |
| 935 | |a DAKR | ||
| 951 | |a AR | ||
| CAN | |a 1 | ||
| ELC | |b 1 | ||
| ITA | |a 1 |t 1 | ||
| LOK | |0 000 xxxxxcx a22 zn 4500 | ||
| LOK | |0 001 3955579271 | ||
| LOK | |0 003 DE-627 | ||
| LOK | |0 004 1763351688 | ||
| LOK | |0 005 20210719140354 | ||
| LOK | |0 008 210719||||||||||||||||ger||||||| | ||
| LOK | |0 035 |a (DE-Tue135-3)DAKAR1_17296 | ||
| LOK | |0 040 |a DE-Tue135-3 |c DE-627 |d DE-Tue135-3 | ||
| LOK | |0 092 |o n | ||
| LOK | |0 852 |a DE-Tue135-3 | ||
| LOK | |0 852 1 |c MS KR-R-27 |9 00 | ||
| LOK | |0 935 |a msmi | ||
| LOK | |0 936ln |0 1442053313 |a SB | ||
| LOK | |0 939 |a 19-07-21 |b l01 | ||
| ORI | |a SA-MARC-ixtheoa001.raw | ||
| REF | |a Rechtsgeschichte | ||
| STA | 0 | 0 | |a History,History,History in art,Law,Law,Right,Law,Jurisprudence,Law in literature,Spain |
| STB | 0 | 0 | |a Droit,Droit,Histoire,Histoire,Histoire |
| STC | 0 | 0 | |a Derecho,Derecho,Historia,Historia,Historia |
| STD | 0 | 0 | |a Diritto,Diritto,Storia,Storia |
| STE | 0 | 0 | |a 历史,史,法律,法律,法制,法制 |
| STF | 0 | 0 | |a 歷史,史,法律,法律,法制,法制 |
| STG | 0 | 0 | |a Direito,Direito,História,História |
| STH | 0 | 0 | |a История (мотив),История,Право (мотив),Право |
| STI | 0 | 0 | |a Δίκαιο (μοτίβο),Δίκαιο,Ιστορία (μοτίβο),Ιστορία |
| SUB | |a CAN | ||
| SYE | 0 | 0 | |a History,Geschichtliche Epoche,Historical development,Historische Entwicklung,Landesgeschichte,Regionalgeschichte,Ortsgeschichte,Zeitgeschichte |
| SYF | 0 | 0 | |a Vicalvarada,Spain , Isbāniyā,Spain,Espagne,Estado Español,España,Espanja,Hispania,Königreich Spanien |